Brawl stars : Les tirs des brawlers - Statistiques

Statistiques générales
  • Ce quiz a été pris 212 fois
  • Le résultat moyen est 39 sur 61
Statistiques - réponses
Par images Réponse % Correct
Brock
99%
Colt
99%
Shelly
99%
Poco
97%
El costo
95%
Nita
95%
Mortis
91%
Tick
91%
Dynamike
90%
Bo
89%
Polly
89%
Bea
87%
Bull
81%
Grom
80%
Eliza
79%
Fang
79%
Gael
79%
Ricochet
77%
Bartaba
74%
Gus
73%
Penny
73%
Angelo
72%
Frank
72%
Carl
71%
Maisie
71%
Monsieur M
71%
Stu
71%
Wally
70%
Emeri
69%
Hank
69%
Rosa
69%
Spike
68%
Arkad
67%
Lou
67%
Colette
65%
Jessie
65%
Berry
61%
Sam
61%
Griff
59%
Jackie
59%
Pam
58%
Belle
57%
Byron
56%
Mandy
53%
Pearl
49%
Meeple
48%
Shade
47%
Max
46%
Trunk
45%
Nani
44%
Billy
43%
Darryl
43%
Kit
43%
Surge
37%
Larry et lawrie
28%
Lola
27%
Buzz
26%
Bonnie
25%
Edgar
23%
Mico
13%
Ash
7%
Aucun quiz correspondant
Distribution des résultats
% des personnes avec chaque résultat
Percentile par nombre de réponses
Votre historique - résultats
Vous n’avez pas pris ce quiz